000 00735nam a2200229 a 4500
001 BRCA_3576
005 20190320204335.0
008 050809s1963----u--a---###---#000-0#eng-#
041 _aeng
044 _au
050 4 _aN527
_b.F64 1 1963
245 1 0 _aFogg Art Museum
_bacquisitions 1959-1962
_cHarvard University. William Hayes Fogg Art Museum.
260 _aCambridge, Massachusetts
_bHarvard University
_cc1963
300 _a143 p.
_bil.
_c21 cm.
500 _aVer también CEF39, DD47 e I147
500 _aB244
650 1 4 _aArte
_zCambridge, Massachusetts
_99284
650 1 4 _aGalerías y museos
_zEstados Unidos
_97437
710 2 _aHarvard University
_bWilliam Hayes Fogg Art Museum
_99285
902 _aGFM
942 _2lcc
_cB
999 _c3311
_d3311